| 000 | 00919nam a22002531u 4500 | ||
|---|---|---|---|
| 001 | 06975 | ||
| 003 | HDC | ||
| 007 | cr bn --- | ||
| 008 | 210125p9999 o d 00 engg | ||
| 040 | _aHDC | ||
| 100 |
_aNor Azah Mohamad Ali _eauthor _97471 |
||
| 245 | 0 |
_aMALAYSIA COUNTRY REPORT: EXTRACTION TECHNOLOGIES FOR MEDICINAL AND AROMATIC PLANTS / by _cNor Azah Mohamad Ali |
|
| 260 |
_a[No Place] : _b[publisher not identified], _c[no year] |
||
| 300 |
_a25 pages : _billustrations |
||
| 336 |
_atext _2rdacontent |
||
| 337 |
_acomputer _2rdamedia |
||
| 338 |
_aonline resource _2rdacarrier |
||
| 650 |
_aaromatic plants _97473 |
||
| 650 |
_aExtraction technology _97472 |
||
| 856 | _zRequest full-text at [email protected] | ||
| 942 | _2lcc | ||
| 942 | _cSLIDE | ||
| 942 | _kSLID 000218 | ||
| 999 |
_c4299 _d4299 |
||